| Tag |
First Indicator |
Second Indicator |
Subfields |
| LEADER |
00000cam a2200000 a 4500 |
| 001 |
in00000008706 |
| 005 |
20151003080030.0 |
| 008 |
870224s1987 nyuac b 10110 eng |
| 010 |
|
|
|a 87005413
|
| 020 |
|
|
|a 0899253105 :
|c $189.00 (est.)
|
| 035 |
|
|
|a (OCoLC)15317140
|
| 035 |
|
|
|9 AAA1107AM
|
| 040 |
|
|
|a DLC
|c DLC
|d TXA
|d UtOrBLW
|
| 050 |
0 |
0 |
|a QP552.P4
|b E9 1986
|
| 082 |
0 |
|
|a 660/.63
|2 19
|
| 111 |
2 |
|
|a European Peptide Symposium
|n (19th :
|d 1986 :
|c Chalkidikē, Greece)
|
| 245 |
1 |
0 |
|a Peptides, 1986 :
|b proceedings of the 19th European Peptide Symposium, Porto Carras, Chalkidiki, Greece, August 3-September 5, 1986 /
|c editor, Dimitrios Theodoropoulos.
|
| 264 |
|
1 |
|a New York :
|b W. de Gruyter,
|c 1987.
|
| 300 |
|
|
|a xix, 684 pages :
|b illustrations, 1 portrait ;
|c 25 cm.
|
| 336 |
|
|
|a text
|b txt
|2 rdacontent
|
| 337 |
|
|
|a unmediated
|b n
|2 rdamedia
|
| 338 |
|
|
|a volume
|b nc
|2 rdacarrier
|
| 504 |
|
|
|a Includes bibliographies and indexes.
|
| 650 |
|
0 |
|a Peptides
|x Synthesis
|x Congresses.
|
| 650 |
|
0 |
|a Peptides
|v Congresses.
|
| 700 |
1 |
|
|a Theodoropoulos, Dimitrios,
|d 1926-
|
| 999 |
|
|
|a MARS
|
| 999 |
f |
f |
|s 04c15ae0-c047-37a6-8d60-1e17dabf6a15
|i ae1a4b61-4351-3dff-8667-b5ea00e43b0d
|t 0
|
| 952 |
f |
f |
|p ric
|a Texas A&M University
|b Rellis Campus
|c Joint Library Facility
|d Remote Storage
|t 0
|e QP552.P4 E9 1986
|h Library of Congress classification
|i unmediated -- volume
|m A14810755248
|
| 998 |
f |
f |
|a QP552.P4 E9 1986
|t 0
|l Remote Storage
|